000 00756nam a22002537a 4500
001 127088
003 UA-OsUOA
005 20220410145135.0
007 ta
008 20171120b un ||||| |||| 00| 0 ukr d
040 _aUA-OsUOA
_brus
_cUA-OsUOA
_dUA-OsUOA
041 _arus
080 _a821.161.1
090 _a821.161.1
_bЦ26
100 _aЦвейг С.
245 _aСобрание сочинений в четырех томах
260 _aМ.
_bХудожественная литература
_c1983
300 _a526 с.
505 _gТ. 2
_tНетерпение сердца
650 7 _a821 Художня література
_2UDC
942 _cBK
_2udc
955 _a3
999 _c414845
_d414845